=LDR 00000nam 2200000 4500 =001 INLIS000000000006940 =005 20130612095021 =008 ***********************************Ind** =035 ##$$0010-061300000006940 =041 ##$$a Ind =082 ##$$a 251 =090 ##$$a 251, Apo g =100 ##$$a Apostolon, Billy =245 ##$$a Garis besar khotbah penginjilan, Billy Apostolon =260 ##$$a 1994 $b Bandung =300 ##$$a 171 hlm., 21 cm =650 ##$$a Khotbah (Kristen)